| Tag |
First Indicator |
Second Indicator |
Subfields |
| LEADER |
00000cam a22000001i 4500 |
| 001 |
in00003924924 |
| 006 |
m d f |
| 007 |
cr bn mmmapmmp |
| 008 |
410803s1941 dcu o f000 0 eng d |
| 005 |
20250210232309.5 |
| 035 |
|
|
|a ebd19401424120
|
| 040 |
|
|
|a UMI
|c UMI
|e rda
|d UtOrBLW
|
| 086 |
0 |
|
|a A 1.52:18/11
|
| 099 |
|
|
|a A1.52..18_11
|
| 110 |
1 |
|
|a United States.
|b Department of Agriculture.
|0 http://id.loc.gov/authorities/names/n79008243
|
| 245 |
1 |
0 |
|a Crops and markets, Nov. 1941.
|
| 264 |
|
1 |
|a [Washington] :
|b [s.n.],
|c 1941.
|
| 300 |
|
|
|a 1 online resource (24 pages), digital, PDF file
|
| 336 |
|
|
|a text
|b txt
|2 rdacontent
|
| 337 |
|
|
|a computer
|b c
|2 rdamedia
|
| 338 |
|
|
|a online resource
|b cr
|2 rdacarrier
|
| 533 |
|
|
|a Electronic reproduction.
|b [Bethesda, Md.] :
|c ProQuest,
|d 2016
|e digital, PDF file.
|n ProQuest U.S. Executive Branch Documents
|n Mode of access: World Wide Web via ProQuest website.
|
| 588 |
|
|
|a Record is based on online resource; title from PDF title page (ProQuest, last viewed Nov. 2016). Reuse except for individual research requires license from ProQuest, LLC.
|
| 650 |
|
0 |
|a Agriculture.
|0 http://id.loc.gov/authorities/subjects/sh85002415
|
| 650 |
|
0 |
|a Farm produce.
|0 http://id.loc.gov/authorities/subjects/sh85047239
|
| 651 |
|
0 |
|a United States
|x Commerce.
|0 http://id.loc.gov/authorities/subjects/sh85139974
|
| 856 |
4 |
0 |
|u http://proxy.library.tamu.edu/login?url=http://congressional.proquest.com/congressional/docview/t66.d71.a1.52..18_11?
|y Electronic resource (PDF)
|t 0
|
| 999 |
f |
f |
|s 736eeafe-5a60-3ebd-9fd0-dad141ed02a2
|i 879cfee4-0e75-3332-9d24-af57c26d019f
|t 0
|
| 952 |
f |
f |
|a Texas A&M University
|b College Station
|c Electronic Resources
|d Available Online
|t 0
|h No information provided
|
| 998 |
f |
f |
|t 0
|l Available Online
|